000 00313nam a2200121 a 4500
005 20140414132112.0
008 110805s19uu xx 00 eng d
050 _aTR
_bL778 1996
100 _aPiper, Watty
245 _aThe little engine that could.
260 _aNew York :
_bScholastic,
_c1996.
999 _c114798
_d114798